=LDR 00000nam 2200000 4500 =001 INLIS000000000037540 =005 20221108102412 =035 ##$$a 0010-061300000037540 =008 221108################g##########0#ind## =041 ##$$a Ind =082 ##$$a 028.5 =090 ##$$a 028.5, Far z =100 ##$$a Farr, Michael =245 1#$$a Zhang, : $b Kalau berdua, kita lebih kuat /$c Michael Farr; Alih bahasa, Donna Widjajanto; Editor, Dini Pandia =260 ##$$a Jakarta :$b Gramedia,$c 2010 =300 ##$$a 41 hlm : $b Ilus ; $c 22 cm =650 #4$$a Bacaan Kanak - Kanak =700 #$$a Widjajanto, Donna =850 ##$$a NBPNMAT =020 ##$$a 978-979-22-5538-6 =084 ##$$a 028.5 FAR z =990 ##$$a 21102411